Statistics for Shakespeare Plays

Click here to take the quiz!

General Stats

  • This quiz has been taken 301 times
  • The average score is 10 of 20

Answer Stats

HintAnswer% Correct
Cicero, Cassius, Marcus BrutusJulius Caesar
83%
Paris, Tybalt, BenvolioRomeo and Juliet
82%
Demetrius, Hermia, TitaniaA Midsummer Night's Dream
76%
Horatio, Polonius, GertrudeHamlet
75%
Edgar, Regan, Earl of KentKing Lear
65%
Donalbain, Banquo, HecateMacbeth
63%
Olivia, Sebastian, FesteTwelfth Night
63%
Ariel, Ferdinand, MirandaThe Tempest
62%
Antonio, Portia, JessicaThe Merchant of Venice
61%
Lucentio, Bianca, PetruchioThe Taming of the Shrew
57%
Claudio, Hero, BeatriceMuch Ado About Nothing
55%
Cassio, Emilia, RoderigoOthello
54%
Orlando, Touchstone, AudreyAs You Like It
41%
Lepidus, Maecenas, AgrippaAntony and Cleopatra
37%
Hector, Menelaus, DiomedesTroilus and Cressida
32%
Balthazar, Aegeon, Dromio of SyracuseThe Comedy of Errors
30%
Saturnius, Caius, BassianusTitus Andronicus
29%
Titus Lartius, Sicinius Velutus, VirgiliaCoriolanus
26%
Bertram, Helena, LafeuAll's Well That Ends Well
18%
Wolsey, Duke of Norfolk, Lord AvergavennyKing Henry the Eighth
5%

Score Distribution

Percentile by Number Answered

Percent of People with Each Score

Your Score History

You have not taken this quiz